Θεωρία του κόστους : το κόστος και οι επιχειρηματικές αποφάσεις

Αποθηκεύτηκε σε:
Λεπτομέρειες βιβλιογραφικής εγγραφής
Κύριος συγγραφέας: Βαρβάκης, Κωνσταντίνος Α.
Μορφή: Βιβλίο
Γλώσσα:Greek
Δημοσίευση: Αθήνα : Παπαζήσης, c2001.
Θέματα:
Ετικέτες: Προσθήκη ετικέτας
Δεν υπάρχουν, Καταχωρήστε ετικέτα πρώτοι!

MARC

LEADER 00000cam a2200000 i 4500
001 1/16279
008 010125s2001 gr | ||| |||| ||gre||
020 |a 9608543479 
035 |l 10065718 
040 |a GR-MyUA  |b gre  |e AACR2 
041 0 |a gre 
082 0 |a 658.1552  |2 (21) 
100 1 |a Βαρβάκης, Κωνσταντίνος Α. 
245 1 0 |a Θεωρία του κόστους :   |b το κόστος και οι επιχειρηματικές αποφάσεις /   |c Κωνσταντίνου Ε. Βαρβάκη.  
260 |a Αθήνα :   |b Παπαζήσης,   |c c2001.  
300 |a 718 σ.  
504 |a Περιλαμβάνει βιβλιογραφία και ευρετήριο.  
650 0 0 |a Cost control. 
650 0 0 |a Cost effectiveness. 
650 0 0 |a Cost accounting. 
650 0 0 |a Decision making. 
852 |a INST  |b CHIOS  |e 20010125  |h 657.42 ΒΑΡ  |p 005200021516  |q 005200021516  |t BK  |y 0 
852 |a INST  |b CHIOS  |e 20010125  |h 657.42 ΒΑΡ  |p 005200021517  |q 005200021517  |t BK  |y 12 
852 |a INST  |b CHIOS  |e 20010125  |h 657.42 ΒΑΡ  |p 005200021518  |q 005200021518  |t BK  |y 0 
852 |a INST  |b SAMOS  |e 20050401  |h 658.1552 ΒΑΡ  |p 005300025234  |q 005300025234  |t BK  |y 0 
901 |a BIBL3-2005-1 
901 |a BIBL2-2001-1 
909 |a Σ  |b 114462 
909 |a Χ  |b 083419 
909 |a Χ  |b 083421 
909 |a Χ  |b 083422 
970 |z 2005/04/01 
970 |a ΣΑΛΑΜΟΥΡΑ  |b ΜΑΡΙΑ  |z 2001/01/25